Legislations covering rubber plantation labour (Record no. 49824)

MARC details
000 -LEADER
fixed length control field 00492nam a2200133Ia 4500
100 ## - MAIN ENTRY--AUTHOR NAME
Personal name Haridasan V.
245 #0 - TITLE STATEMENT
Title Legislations covering rubber plantation labour
260 ## - PUBLICATION, DISTRIBUTION, ETC. (IMPRINT)
Name of publisher In: Handbook of natural rubber production in India. (Ed. P.N. Radhakrishna Pillay). Rubber Research Institute of India, Kottayam, India, pp. 517-533.
Year of publication 1980
650 ## - SUBJECT ADDED ENTRY--TOPICAL TERM
Topical Term Labour legislation
650 ## - SUBJECT ADDED ENTRY--TOPICAL TERM
Topical Term Plantation labour act
700 ## - ADDED ENTRY--PERSONAL NAME
Personal name Pillai V.B.
942 ## - ADDED ENTRY ELEMENTS (KOHA)
Koha item type Bibliography STAF
Holdings
Withdrawn status Lost status Damaged status Not for loan Home library Current library Shelving location Date acquired Koha item type
      Bibliography RRII Library RRII Library Economics 09/04/2014 Bibliography STAF